|
|
|
|
| LEADER |
00979na a2200289 4500 |
| 001 |
000030485 |
| 003 |
4066 |
| 005 |
20250924105643.0 |
| 008 |
151001s2007 000 eng |
| 020 |
|
|
|a 139780194579018
|
| 041 |
|
|
|a eng
|
| 082 |
|
|
|a 420.3
|b KA-M
|
| 100 |
|
|
|a Kavanagh, Marie
|
| 245 |
|
0 |
|a English for the automobile industry /
|c Marie Kavanagh.
|
| 260 |
|
|
|a Oxford University Press,
|c 2007.
|
| 300 |
|
|
|a 79 tr. : ill ; 24 cm.
|
| 650 |
|
|
|a English automobile industry
|
| 653 |
|
|
|a English automobile
|a industry
|
| OWN |
|
|
|a LNN
|
| AVA |
|
|
|a UDN50
|b LNN
|c English
|d 420.3 KA-M
|e available
|t Error 5001 Not defined in file expand_doc_bib_avail.
|f 2
|g 0
|h N
|i 0
|j AN
|k 1
|
| 999 |
|
|
|a From the UDN01
|
| AVA |
|
|
|a UDN50
|b LNN
|c English
|d 420.3 KA-M
|e available
|t Error 5001 Not defined in file expand_doc_bib_avail.
|f 2
|g 0
|h N
|i 0
|j AN
|k 1
|
| TYP |
|
|
|a Printed language
|
| 980 |
|
|
|a Mạng thư viện Đại học Đà Nẵng
|